000
00216nam a22000857a 4500
008
170125b xxu||||| |||| 00| 0 eng d
100
_9
2561
_a
Tayal.B.B.etal.
245
_a
Social Science-VII
260
_a
New delhi
_b
APC
_c
2010
999
_c
5666
_d
5666